000 00617nam a22002177a 4500
003 UA-OsUOA
001 37521
007 ta
008 20060328b un ||||| |||| 00| 0 ukr d
100 _aМірошниченко П.
090 _a82
_bМ11
942 _cSA
040 _aUA-OsUOA
_bukr
_cUA-OsUOA
_dUA-OsUOA
245 _aТрагедизація міфа про зраду ("На полі крові" Лесі Українки)
300 _aС.8-15
955 _a0
041 _aukr
080 _a82
773 0 _w37520
650 7 _a82 Література. Літературознавство
_2UDC
999 _c323714
_d323714